000
00216 a2200097 4500
001
51099
100
_a
Ulaby F T
245
_a
Microwave Remote Sensing
260
_a
London
_b
Wesley Pub Co
_c
090
_c
32359
_d
32359
942
_a
NUST-CAE
_c
M
_c
24846
999
_c
286172
_d
286172